|
|
|
|
| LEADER |
00000cam a2200000 a 4500 |
| 001 |
vtls010211922 |
| 003 |
SK-MaSNL |
| 005 |
20260301172912.0 |
| 007 |
co cg auuua |
| 008 |
180809s2010 xo a fsfp 000 0 slo |
| 015 |
|
|
|a SNBS2013
|
| 020 |
|
|
|a 9788055701202
|q (elektronická kniha)
|
| 040 |
|
|
|a SNK
|b slo
|c SNK
|e AACR2
|
| 041 |
0 |
|
|a slo
|
| 044 |
|
|
|a xo
|c SK
|
| 072 |
|
7 |
|a 373.2/.3
|x Predškolská a primárna výchova a vzdelávanie
|2 konspekt
|
| 080 |
|
|
|a 373.2
|2 2001
|
| 080 |
|
|
|a 373.24
|2 2001
|
| 080 |
|
|
|a (076.1)
|2 2001
|
| 080 |
|
|
|a (072)
|2 2001
|
| 080 |
|
|
|a (0.034.44)
|2 2001
|
| 100 |
1 |
|
|a Kováčik, Štefan
|4 aut
|4 ill
|9 11788
|
| 245 |
1 |
0 |
|a Bude škola 4 - Protiklady
|h elektronický zdroj
|c [Štefan Kováčik ; výtvarník Martina Banášová, autor ; hudba Belo Felix]
|
| 250 |
|
|
|a 1. vyd.
|
| 260 |
|
|
|a Banská Bystrica
|b Univerzita Mateja Bela
|c 2010
|
| 300 |
|
|
|a 1 elektronický optický disk (CD-ROM)
|b ilustr., noty
|c 12 cm
|
| 650 |
0 |
7 |
|a predškolská výchova
|2 SNKPH
|9 3959
|
| 650 |
0 |
7 |
|a materské školy
|2 SNKPH
|9 1278
|
| 650 |
0 |
7 |
|a Preschool education
|2 SNKPHeng
|9 267868
|
| 650 |
0 |
7 |
|a Kindergartens
|2 SNKPHeng
|9 265897
|
| 655 |
|
7 |
|a elektronické zdroje
|2 SNKPH
|9 90954
|
| 655 |
|
7 |
|a CD-ROM
|2 SNKPH
|9 70236
|
| 655 |
|
7 |
|a pracovné zošity
|2 SNKPH
|9 70188
|
| 655 |
|
7 |
|a metodické príručky
|2 SNKPH
|9 70250
|
| 655 |
|
7 |
|a Electronic resources
|2 SNKPHeng
|9 175546
|
| 655 |
|
7 |
|a Activity books
|2 SNKPHeng
|9 302885
|
| 655 |
|
7 |
|a Methodological manuals
|2 SNKPHeng
|9 270866
|
| 700 |
1 |
|
|a Banášová, Martina
|4 ill
|9 542937
|
| 700 |
1 |
|
|a Felix, Belo,
|d 1940-
|4 cmp
|9 92635
|
| 852 |
|
|
|a Štátna vedecká knižnica v Banskej Bystrici
|
| 919 |
|
|
|a 978-80-557-0120-2
|
| 999 |
|
|
|c 835083
|d 837013
|
| 952 |
|
|
|a SNK
|b SNK
|y PREZ
|7 0
|p 17A0689146
|o snkSCDM 3529
|i snk2011/3498
|8 0
|0 0
|1 0
|4 0
|d 2011-02-17
|l 0
|r 2026-02-24 03:51:06
|w 2026-02-24
|
| 952 |
|
|
|t snkBUD 373.2/.3
|a SNKMST
|b SNKMST
|y PREZ
|7 0
|p 17A0689147
|o snkSCDM 3529 D1
|i snk2011/3499
|8 0
|0 0
|1 0
|4 0
|d 2011-02-17
|l 0
|r 2025-08-11 00:00:00
|w 2026-02-24
|